00409cam a22001454a 4500020001500000040000800015082002600023100002300049245005600072250001200128260004100140300003600181500002000217650002600237 a0073655783 cDLC00a005 HIL 2000 A004 Or.1 aPressman, Roger S.10aSoftware engineering :ba practitioner's approach / a5th ed. aBoston, Mass. :bMcGraw Hill,c2000. axxvii, 860 p. :bill. ;c24 cm. aIncludes index. 0aSoftware engineering.